000 01192cam a22002771 4500
001 sa 68000652
003 DLC
005 20260227112425.0
008 790613s1963 fr a b 000 0 san
010 _asa 68000652
035 _a(OCoLC)5060464
040 _aDLC
_cNcGU
_dNcGU
_dDLC
041 0 _asanfre
050 0 0 _aBL1226.2
_b.S66
100 0 _aSomaśambhu.
245 1 0 _aSomaśambhupaddhati.
_cTraduction, introd. et notes par Hélène Brunner-Lachaux.
260 _aPondichéry,
_bInstitut franc̜ais d'indologie,
_c1963-1998.
300 _av.
_billus.
_c25 cm.
490 1 _aPublications de l'Institut franc̜ais d'indologie,
_vno. 25
500 _aFrench and Sanskirt; introductory matter and notes in French.
504 _aIncludes bibliographies.
505 2 _aptie. 1. Le rituel quotidien dans la tradition śivaïte de l'Inde du Sud.-- ptie. 2. Rituels occasionels dans la tradition śivaīte de l'Inde du Sud. I. Pavitrārohaṇa, damanapūjā et prāyaścitta -- pite. 4. Rituels optionnels : pratiṣṭhā
650 0 _aŚaivism
_xRituals.
700 2 _aBrunner-Lachaux, Hélène
_eed. and tr.
830 0 _aPublications de l'Institut français d'indologie ;
_vno. 25.
999 _c77364
_d77364